[Event "FRA-chT2 1011"]
[Site "France"]
[Date "2010.11.14"]
[Round "3.4"]
[White "Champault, Pierre Emmanuel"]
[Black "Forissier, Nicolas"]
[Result "1-0"]
[WhiteElo "2198"]
[BlackElo "1994"]
[PlyCount "57"]
[EventDate "2010.10.17"]
[EventType "team-tourn"]
[EventRounds "11"]
[EventCountry "FRA"]
[SourceTitle "EXT 2012"]
[Source "ChessBase"]
[SourceDate "2011.11.24"]
[SourceVersion "1"]
[SourceVersionDate "2011.11.24"]
[SourceQuality "1"]

1. d4 Nf6 2. Nf3 g6 3. c4 Bg7 4. Nc3 d5 5. cxd5 Nxd5 6. e4 Nxc3 7. bxc3 c5 8. Be3 0-0 9. Rc1 cxd4 10. cxd4 Nc6 11. d5 Ne5 12. Nxe5 Bxe5 13. Bc4 Qd6 14. Qd2 Bg7 15. 0-0 a6 16. Bb3 Bd7 17. Bc5 Qe5 18. f4 Qh5 19. Bxe7 Rfc8 20. Bd1 Qh6 21. Bg5 Rxc1 22. Bxh6 Rxd1 23. Rxd1 Bxh6 24. Kf2 Rc8 25. Rc1 b6 26. Rxc8+ Bxc8 27. Kf3 Bf8 28. d6 Bd7 29. Qd4 1-0

[Event "Chambery op 13th"]
[Site "Chambery"]
[Date "2007.08.03"]
[Round "7"]
[White "Champault, Pierre Emmanuel"]
[Black "Knors, Rudi"]
[Result "1/2-1/2"]
[WhiteElo "2184"]
[BlackElo "2093"]
[PlyCount "85"]
[EventDate "2007.07.28"]
[EventType "swiss"]
[EventRounds "9"]
[EventCountry "FRA"]
[SourceTitle "CBM 119 Extra"]
[Source "ChessBase"]
[SourceDate "2007.09.04"]
[SourceVersion "1"]
[SourceVersionDate "2007.09.04"]
[SourceQuality "1"]

1. d4 d5 2. Nf3 Nf6 3. c4 c6 4. Nc3 dxc4 5. a4 Bf5 6. Ne5 Nbd7 7. Nxc4 e6 8. f3 Be7 9. e4 Bg6 10. Be2 0-0 11. 0-0 c5 12. d5 exd5 13. exd5 Ne8 14. d6 Bf6 15. f4 Bd4+ 16. Be3 Bxc3 17. bxc3 Be4 18. Bd3 Bxd3 19. Qxd3 Qf6 20. Ne5 Rd8 21. Nxd7 Rxd7 22. Bxc5 b6 23. Bd4 Qxd6 24. a5 Nc7 25. axb6 axb6 26. f5 Nd5 27. Qf3 Nf6 28. Qf4 Rc8 29. Qxd6 Rxd6 30. Rfb1 Ne4 31. Re1 Nc5 32. Bxc5 bxc5 33. Ra7 g6 34. fxg6 hxg6 35. Rf1 Rf8 36. Rc7 Rd5 37. c4 Re5 38. Rf6 Kg7 39. Rf3 g5 40. h3 Kg6 41. Kh2 f6 42. Rc6 Rf7 43. Kg3 1/2-1/2

[Event "Chambery op 9th"]
[Site "Chambery"]
[Date "2003.08.06"]
[Round "5"]
[White "Renard, Stephane"]
[Black "Champault, Pierre Emmanuel"]
[Result "1/2-1/2"]
[WhiteElo "2024"]
[BlackElo "2161"]
[PlyCount "63"]
[EventDate "2003.08.02"]
[EventType "swiss"]
[EventRounds "9"]
[EventCountry "FRA"]
[SourceTitle "EXT 2020"]
[Source "ChessBase"]
[SourceDate "2019.10.17"]
[SourceVersion "1"]
[SourceVersionDate "2019.10.17"]
[SourceQuality "1"]

1. e4 d5 2. exd5 Nf6 3. c4 c6 4. Nc3 cxd5 5. cxd5 Nxd5 6. Nf3 e6 7. Bc4 Nxc3 8. bxc3 Be7 9. 0-0 0-0 10. d4 Nc6 11. Re1 b6 12. Bb3 Bb7 13. h4 Rc8 14. Ng5 Bxg5 15. Bxg5 Qc7 16. Qh5 g6 17. Qg4 f5 18. Qe2 Rfe8 19. h5 Nd8 20. hxg6 hxg6 21. Rac1 Kg7 22. Qe3 Nf7 23. Bf4 Qd7 24. f3 b5 25. Kf2 Bd5 26. Qe2 a6 27. Rh1 Qe7 28. Rc2 Rh8 29. Re1 g5 30. Be5+ Nxe5 31. Qxe5+ Qf6 32. Qxf6+ 1/2-1/2

[Event "Chambery op 8th"]
[Site "Chambery"]
[Date "2002.08.04"]
[Round "3"]
[White "Brunner, Nicolas"]
[Black "Champault, Pierre Emmanuel"]
[Result "1/2-1/2"]
[WhiteElo "2253"]
[BlackElo "2179"]
[PlyCount "102"]
[EventDate "2002.08.02"]
[EventType "swiss"]
[EventRounds "9"]
[EventCountry "FRA"]
[SourceTitle "EXT 2016"]
[Source "ChessBase"]
[SourceDate "2015.10.08"]
[SourceVersion "1"]
[SourceVersionDate "2015.10.08"]
[SourceQuality "1"]

1. d4 d5 2. c4 c6 3. Nc3 Nf6 4. Bg5 e6 5. e3 Nbd7 6. Nf3 Be7 7. Qc2 0-0 8. Bd3 dxc4 9. Bxc4 Nd5 10. Bxe7 Qxe7 11. 0-0 N5b6 12. Bd3 h6 13. Ne4 e5 14. Ng3 exd4 15. Nxd4 Nf6 16. Rfe1 Be6 17. Ngf5 Bxf5 18. Nxf5 Qc7 19. e4 Rfe8 20. g3 Rad8 21. Rad1 Nc8 22. f4 Ne7 23. Ne3 Rd7 24. Nc4 Nc8 25. Kg2 Rdd8 26. Ne5 Nb6 27. b4 Nbd7 28. Nf3 Nb6 29. a4 Nbd7 30. Rf1 Qb6 31. Qd2 a6 32. Rfe1 Nf8 33. a5 Qc7 34. Qc2 Ne6 35. Bc4 Rxd1 36. Rxd1 Rd8 37. e5 Rxd1 38. Qxd1 Qd7 39. Qxd7 Nxd7 40. f5 Nc7 41. Kf2 Kf8 42. Ke3 b5 43. Ba2 c5 44. e6 fxe6 45. fxe6 Nb8 46. bxc5 Nc6 47. Ke4 Ke7 48. Nd4 Nxa5 49. Ke5 g6 50. g4 Nc4+ 51. Bxc4 bxc4 1/2-1/2

[Event "FRA-ch qual"]
[Site "Bescanon"]
[Date "1999.08.18"]
[Round "1"]
[White "Sermier, Guillaume"]
[Black "Champault, Pierre Emmanuel"]
[Result "1-0"]
[WhiteElo "2269"]
[BlackElo "2143"]
[PlyCount "97"]
[EventDate "1999.08.18"]
[EventType "swiss"]
[EventRounds "11"]
[EventCountry "FRA"]
[SourceTitle "EXT 2000"]
[Source "ChessBase"]
[SourceDate "1999.11.16"]
[SourceVersion "1"]
[SourceVersionDate "1999.11.16"]
[SourceQuality "1"]

1. e4 d5 2. exd5 Nf6 3. Bb5+ Bd7 4. Be2 Nxd5 5. d4 Bf5 6. Nf3 e6 7. 0-0 Be7 8. c3 c6 9. a4 0-0 10. Na3 Qc7 11. Re1 Nd7 12. Bd2 a5 13. Nc4 Bf6 14. Qc1 Rfe8 15. Bf1 Bg4 16. Nfe5 Nxe5 17. Nxe5 Bf5 18. Nd3 Bxd3 19. Bxd3 e5 20. dxe5 Bxe5 21. g3 Rad8 22. Qc2 g6 23. Rad1 Bg7 24. Bf1 Nf6 25. Bg2 Rxe1+ 26. Rxe1 Re8 27. Rxe8+ Nxe8 28. Be3 Nf6 29. Qb3 Nd7 30. Bh3 Bf8 31. Bf1 Nc5 32. Qc4 Qd6 33. Be2 Be7 34. Kg2 Qe6 35. Qxe6 Nxe6 36. Bb6 Bd8 37. Bxd8 Nxd8 38. Kf3 Ne6 39. Ke3 Kf8 40. b4 axb4 41. cxb4 Ke7 42. Bc4 c5 43. bxc5 Nxc5 44. a5 Ne6 45. Bd5 Nd8 46. Kf3 Kd6 47. Bxb7 Kc5 48. a6 Kb6 49. Ke4 1-0

[Event "FRA-ch U20"]
[Site "Romans"]
[Date "1999.??.??"]
[Round "?"]
[White "Champault, Pierre Emmanuel"]
[Black "Abello, Sebastien"]
[Result "1/2-1/2"]
[WhiteElo "2165"]
[BlackElo "2160"]
[PlyCount "41"]
[EventDate "1999.04.??"]
[EventType "swiss"]
[EventRounds "8"]
[EventCountry "FRA"]
[SourceTitle "EXT 2000"]
[Source "ChessBase"]
[SourceDate "1999.11.16"]
[SourceVersion "1"]
[SourceVersionDate "1999.11.16"]
[SourceQuality "1"]

1. d4 Nf6 2. Nf3 c5 3. d5 b5 4. Bg5 d6 5. Bxf6 exf6 6. e4 a6 7. a4 bxa4 8. Nc3 f5 9. Bd3 fxe4 10. Bxe4 g6 11. 0-0 Bg7 12. Nxa4 0-0 13. Nd2 Nd7 14. Nc4 Ne5 15. Nab6 Nxc4 16. Nxc4 Qc7 17. Re1 Bd7 18. c3 a5 19. Qc2 Bb5 20. Na3 Bd7 21. Nc4 1/2-1/2